000 00875nam a22002057a 4500
999 _c58288
_d58288
003 Ge_BSU
005 20211022125039.0
008 211022s2020 ge ||||| |||| 00| 0 geo d
020 _a9789941828034
041 _ageo
080 _a376.36 გ-12
100 _aგაბაშვილი, ნინო
_912721
245 _aლოგოპედიური ალბომი :
_bასო-ბგერა "ს" სტუმრად ბავშვებთან /
_cნინო გაბაშვილი; რედ. თამარ ხუციშვილი.
264 _aთბილისი :
_b"აწმყო",
_c2020.
300 _a50 გვ.
_bილ.
_c29 სმ.
653 _aლოგოპედია
653 _aალბომი
700 _aხუციშვილი, თამარ
_eრედაქტორი
_912724
942 _2udc
_cBK